| 000 | 01174nam a2200253Ia 4500 | ||
|---|---|---|---|
| 003 | Ost | ||
| 005 | 20260507075547.0 | ||
| 008 | 260507s9999||||xx |||||||||||||| ||und|| | ||
| 040 | _cfsecg | ||
| 041 | _aara | ||
| 082 | _a1.6 | ||
| 100 |
_aالشنطي، أيمن _eمؤلف |
||
| 245 | 0 |
_aتحليل و تصميم نظم المعلومات / _c أيمن الشنطي |
|
| 260 |
_aعمان: _bدار البداية ناشرون موزعون, _c2006 |
||
| 300 |
_a164 صفحة؛ _bإيضاحات ؛ _c24 سم |
||
| 504 | _aبيبليوغرافيا: ص.164؛ كشاف مصطلحات ص.133 | ||
| 520 | _aيضم مقدمة عامة في مفاهيم النظم، تحليل النظم الهيكلي، منهجية دور حياة النظام، تقنيات وأدوات تحليل وتصميم النظم، طرق تحليل وتصميم نظم المعلومات الإدارية | ||
| 653 | _aالمعلومات | ||
| 653 | _aبرامج الحاسوب | ||
| 653 | _aنظم المعلومات- المؤسسة الممتدة | ||
| 700 |
_aالنداف، عصام _eمؤلف ثانوي |
||
| 700 |
_aشقر، عامر _eمؤلف ثانوي |
||
| 942 | _cكتاب | ||
| 999 |
_c44896 _d44896 |
||